| 000 | 02162cam a22004934i 4500 | ||
|---|---|---|---|
| 003 | PE-LiUPU | ||
| 005 | 20250731173110.0 | ||
| 008 | 181217s2018 ilu r 001 0 eng | ||
| 020 | _a083084547X | ||
| 020 | _a9780830845477 | ||
| 035 | _a(Sirsi) a251068 | ||
| 049 | _aPRUA | ||
| 082 | 0 | 4 |
_a261.55 _bH97 _223 |
| 100 | 1 |
_aHutchinson, Ian H., _eautor. |
|
| 245 | 1 | 0 |
_aCan a scientist believe in miracles? : _ban MIT professor answers questions on God and science / _cIan H. Hutchinson. |
| 264 | 1 |
_aDowners Grove : _bIVP Books, _c[2018]. |
|
| 300 |
_a277 páginas ; _c23 centímetros |
||
| 336 |
_atext _2rdacontent |
||
| 337 |
_aunmediated _2rdamedia |
||
| 338 |
_avolume _2rdacarrier |
||
| 504 | _aÍndice: páginas 271-277. | ||
| 505 | 0 | _aA spiritual journey -- Are there realities science cannot explain? -- What is faith? -- Do scientists have faith? -- Does reason support Christian belief? -- What is scientism? -- Is there really spiritual knowledge? -- Creation and cosmology -- Do miracles happen? -- The Bible and science -- Of all the world's religions, why Christianity? -- Why does God seem hidden? -- Is there good and evil? -- Personal consequences: so what?. | |
| 526 | _aSEG42 | ||
| 526 | _aSEG41 | ||
| 526 | _aSEG40 | ||
| 526 | _aSEG39 | ||
| 526 | _aP94 | ||
| 526 | _aP87 | ||
| 526 | _aP86 | ||
| 526 | _aP85 | ||
| 526 | _aP77 | ||
| 526 | _aP76 | ||
| 526 | _aP35 | ||
| 650 | 4 | _aReligión y ciencia. | |
| 910 |
_adbm _brri _crri _d20181217 |
||
| 910 |
_adbm _bksl _cksl _d20190102 |
||
| 942 |
_2ddc _cBOOK |
||
| 994 |
_aC0 _bPEPRU |
||
| 596 | _a1 | ||
| 999 |
_a261.55 H97 _wDEWEY _c30518 _i79362 _f2021-11-10 _g4 _lCCODEBUL1 _mBUL _p12.00 _r0 _sY _tBOOK _u2018-12-14 _xTEOLOGIA _PP85 _0DONACION _1FCOMPR2 _o.STAFF. Colección Teología _d30518 |
||
| 999 |
_a261.55 H97 _wDEWEY _c2 _i79775 _f2021-11-10 _g4 _lCCODEBUL1 _mBUL _p12.00 _r0 _sY _tBOOK _u2019-1-2 _xTEOLOGIA _PP85 _0DONACION _1FCOMPR2 _o.STAFF. Colección Teología |
||
| 980 |
_81 _gALBERTO SANCHEZ Responsable de Automatización |
||